Statistics for Players With TD Receptions From Drew Brees

Click here to take the quiz!

General Stats

  • This quiz has been taken 107 times
    (53 since last reset)
  • The average score is 22 of 70

Answer Stats

Rec TDs Player Team % Correct
39429Michael ThomasNOR
100%
34814Pierre ThomasNOR
92%
39954Jimmy GrahamNOR
90%
897David ThomasNOR
84%
76276Marques ColstonNOR
82%
103Taysom HillNOR
78%
10012Josh HillNOR
78%
162Jared CookNOR
76%
2305Mark IngramNOR
71%
21510Alvin KamaraNOR
71%
315Tre'Quan SmithNOR
69%
1488Jeremy ShockeyNOR
61%
31914Reggie BushNOR
61%
1008Ted GinnNOR
59%
20820Brandin CooksNOR
55%
26317Darren SprolesBOTH
53%
18624Antonio GatesSDG
49%
25121Devery HendersonNOR
49%
374Joe HornNOR
47%
2636LaDainian TomlinsonSDG
47%
123Zach LineNOR
47%
1467Willie SneadNOR
47%
14312Ben WatsonNOR
45%
35939Lance MooreNOR
45%
17926Robert MeachemNOR
41%
988Kenny StillsNOR
39%
592Deuce McAllisterNOR
29%
112Austin CarrNOR
27%
151Latavius MurrayNOR
27%
192Tommylee LewisNOR
22%
828Brandon ColemanNOR
22%
11Freddie JonesSDG
22%
141Dan ArnoldNOR
22%
31Jamal JonesNOR
20%
482Eric JohnsonNOR
20%
947Travaris CadetNOR
20%
71Austin JohnsonNOR
20%
161John KuhnNOR
18%
153Keith KirkwoodNOR
18%
174Michael HoomanawanuiNOR
18%
725Coby FleenerNOR
16%
91Cameron MeredithNOR
14%
211Nick ToonNOR
12%
425Terrance CopperNOR
12%
322C.J. SpillerNOR
10%
214Heath EvansNOR
10%
404Jed CollinsNOR
10%
491Lorenzo NealSDG
10%
413David BostonSDG
10%
654David PattenNOR
8%
10110Keenan McCardellSDG
8%
31Garrett GriffinNOR
8%
14110Eric ParkerSDG
8%
913Billy MillerNOR
8%
615Curtis ConwaySDG
6%
451Stephen AlexanderSDG
6%
651Aaron SteckerNOR
6%
613Tim DwightSDG
6%
372Mike KarneyNOR
6%
143Joe MorganNOR
6%
363Justin PeelleSDG
4%
11Darnell DinkinsNOR
4%
717Reche CaldwellSDG
4%
81Ernie ConwellNOR
4%
332Mark CampbellNOR
4%
223Fred McCrarySDG
2%
212Josh NormanSDG
2%
31John GilmoreNOR
2%
223Kassim OsgoodSDG
2%
91Erik LorigNOR
2%

Score Distribution

Percentile by Number Answered

Percent of People with Each Score

Your Score History

You have not taken this quiz since the last reset